[Event "VI Festival B"]
[Site "Trieste ITA"]
[Date "2004.09.07"]
[Round "4"]
[White "Sluga, Aljaz"]
[Black "Stampalia, Piergiorgio"]
[Result "1/2-1/2"]
[WhiteElo "1853"]
[BlackElo "1562"]
[PlyCount "56"]
[EventDate "2004.09.04"]

1. d4 Nf6 2. Bg5 e6 3. e3 d5 4. c4 c6 5. Nc3 Be7 6. Nf3 Nbd7 7. cxd5 exd5 8.
Bd3 O-O 9. O-O Re8 10. Qc2 h6 11. Bh4 a6 12. Rab1 Qc7 13. b4 Bd6 14. a4 Qd8 15.
b5 axb5 16. axb5 g5 17. bxc6 bxc6 18. Bg3 Bxg3 19. hxg3 Ba6 20. Bxa6 Rxa6 21.
Na4 Ne4 22. Nc5 Ndxc5 23. dxc5 Qe7 24. Nd4 Qxc5 25. Qxc5 Nxc5 26. Rfc1 Ne4 27.
Rxc6 Rxc6 28. Nxc6 Kg7 1/2-1/2

[Event "VI Festival B"]
[Site "Trieste ITA"]
[Date "2004.09.08"]
[Round "5"]
[White "Clarini, Ivo"]
[Black "Samuelli, Daniele"]
[Result "0-1"]
[WhiteElo "1733"]
[BlackElo "1703"]
[PlyCount "51"]
[EventDate "2004.09.04"]

1. d4 e6 2. c4 d5 3. Nc3 c6 4. Nf3 f5 5. Qb3 Bd6 6. Bg5 Nf6 7. e3 O-O 8. Bd3
Qe8 9. Bxf6 Rxf6 10. O-O-O Kh8 11. Ne5 Rf8 12. f4 b6 13. h3 dxc4 14. Bxc4 b5
15. Bd3 a5 16. g4 Na6 17. Nf3 Nb4 18. a3 Nxd3+ 19. Rxd3 b4 20. Nb1 Ba6 21. Rdd1
c5 22. Ne5 cxd4 23. Rxd4 Bxe5 24. Rh2 Bxd4 25. exd4 Qc6+ 26. Kd2 0-1

[Event "VI Festival B"]
[Site "Trieste ITA"]
[Date "2004.09.08"]
[Round "5"]
[White "D'Ascanio, Davide"]
[Black "Chiesa, Roberto"]
[Result "1/2-1/2"]
[WhiteElo "1625"]
[BlackElo "1682"]
[PlyCount "51"]
[EventDate "2004.09.04"]

1. e4 e6 2. d4 d5 3. e5 c5 4. dxc5 Nc6 5. Nf3 Bxc5 6. Nc3 a6 7. a4 Bd7 8. Bd3
Nge7 9. O-O Ng6 10. Re1 O-O 11. Bxg6 fxg6 12. Be3 Bxe3 13. Rxe3 Ne7 14. Re1 Qb6
15. b3 Rac8 16. Qd2 Qc7 17. Re3 Nf5 18. Rd3 Bc6 19. Re1 Rcd8 20. Nd4 Nxd4 21.
Rxd4 Rf5 22. Qe2 Rdf8 23. f3 Qb6 24. Qd2 Rg5 25. Kh1 Rh5 26. Kg1 1/2-1/2

[Event "VI Festival B"]
[Site "Trieste ITA"]
[Date "2004.09.08"]
[Round "5"]
[White "Fantini, Marco"]
[Black "Masella, Vincenzo"]
[Result "1/2-1/2"]
[WhiteElo "1852"]
[BlackElo "1682"]
[PlyCount "109"]
[EventDate "2004.09.04"]

1. d4 Nf6 2. Nc3 d6 3. Bg5 c6 4. e4 Qa5 5. Qd2 h6 6. Bxf6 exf6 7. Nf3 Bg4 8.
Be2 g6 9. O-O Bg7 10. Qf4 Bxf3 11. Bxf3 Qd8 12. Ne2 O-O 13. Qd2 Na6 14. c3 Nc7
15. d5 c5 16. a4 b6 17. g3 Na6 18. Qd3 Nb8 19. Bg2 a6 20. f4 Re8 21. Kh1 Qc7
22. c4 Qd7 23. Nc3 a5 24. Rae1 Na6 25. Nb5 Re7 26. h3 Rae8 27. f5 g5 28. Qf3
Kh7 29. g4 Re5 30. Qg3 Rh8 31. Bf3 Nb4 32. Bd1 Qe7 33. Nc3 Qd8 34. Kg2 Kg8 35.
Rf2 Qe7 36. Rd2 Bf8 37. Bf3 Qd7 38. Rh1 Kg7 39. Nb1 Qe7 40. Rf1 Kh7 41. Rh1 Qd7
42. Re1 Qe7 43. Kh2 Rg8 44. Bg2 Rh8 45. Bf3 Kg8 46. Kg2 Qd7 47. Rh1 Qe7 48. Re1
Rh7 49. Nc3 Qd7 50. Nb5 Rh8 51. Nc3 Kh7 52. Nb5 Re8 53. Nc3 Kg8 54. Kh2 Qe7 55.
Nb5 1/2-1/2

[Event "VI Festival B"]
[Site "Trieste ITA"]
[Date "2004.09.08"]
[Round "5"]
[White "Muradore, Aldo"]
[Black "Menon, Michele"]
[Result "1-0"]
[WhiteElo "1526"]
[BlackElo "1609"]
[PlyCount "86"]
[EventDate "2004.09.04"]

1. d4 d6 2. c4 g6 3. Nf3 Bg7 4. Nc3 Nf6 5. e3 O-O 6. Be2 Nbd7 7. O-O e5 8. dxe5
dxe5 9. e4 c6 10. Bg5 Qc7 11. Qc2 Nc5 12. b4 Ne6 13. Bxf6 Bxf6 14. Rad1 Nf4 15.
c5 Be6 16. Rd2 Nxe2+ 17. Nxe2 Bg4 18. Rfd1 Bxf3 19. Rd7 Bxe4 20. Qxe4 Rad8 21.
R7d6 Be7 22. Rxd8 Rxd8 23. Rxd8+ Qxd8 24. Qc2 Qd5 25. f3 a5 26. a3 axb4 27.
axb4 f5 28. Qa4 Kf7 29. Qa8 Qd7 30. Qh8 Ke6 31. Qg8+ Kf6 32. Qh8+ Kg5 33. Qxe5
Kh6 34. h3 Qd8 35. Ng3 Qf8 36. Qc7 Qg7 37. Kh2 Bf6 38. Qf4+ Bg5 39. Qb8 Bd2 40.
Qd6 Qc3 41. Nxf5+ Kg5 42. Ng3 Qxb4 43. Ne4+ Qxe4 1-0

[Event "VI Festival B"]
[Site "Trieste ITA"]
[Date "2004.09.08"]
[Round "5"]
[White "Orsatti, Marcello"]
[Black "Rizzardi, Franco"]
[Result "0-1"]
[WhiteElo "1644"]
[BlackElo "1886"]
[PlyCount "60"]
[EventDate "2004.09.04"]

1. Nf3 d5 2. b4 Bf5 3. d4 e6 4. a3 Nd7 5. e3 Ngf6 6. Bd3 Ne4 7. Bb2 Bd6 8. O-O
Qf6 9. c4 c6 10. c5 Bc7 11. Qc2 Qh6 12. Nbd2 Nxd2 13. Qxd2 Be4 14. Bxe4 dxe4
15. Ne5 f6 16. Ng4 Qh4 17. h3 h5 18. Nh2 g5 19. f4 gxf4 20. exf4 Rg8 21. Qe1
Qxh3 22. Qxe4 O-O-O 23. Kh1 Qg3 24. Rad1 f5 25. Qf3 Bxf4 26. Qxg3 Bxg3 27. Nf3
Nf6 28. Ne5 Ne4 29. Kg1 h4 30. Rf3 Bxe5 0-1

[Event "VI Festival B"]
[Site "Trieste ITA"]
[Date "2004.09.08"]
[Round "5"]
[White "Petrachi, Gianni"]
[Black "Sluga, Aljaz"]
[Result "0-1"]
[WhiteElo "1709"]
[BlackElo "1853"]
[PlyCount "100"]
[EventDate "2004.09.04"]

1. e4 c5 2. Nc3 d6 3. Bc4 Nf6 4. Nf3 g6 5. O-O Bg7 6. Re1 Nc6 7. d3 O-O 8. Bf4
a6 9. e5 Nh5 10. Qd2 Nxf4 11. Qxf4 Nxe5 12. Nxe5 Bxe5 13. Qf3 Bxc3 14. bxc3 e6
15. d4 d5 16. Be2 Bd7 17. Qg3 Rc8 18. h4 cxd4 19. cxd4 Rxc2 20. h5 Qf6 21. Qe3
Rfc8 22. h6 R8c3 23. Qe5 Qxe5 24. dxe5 Bb5 25. Bxb5 axb5 26. Rab1 Rc5 27. a4
bxa4 28. Rxb7 a3 29. Ra7 a2 30. Kh2 Kf8 31. Ra1 Rxf2 32. R1xa2 Rxa2 33. Rxa2 d4
34. Ra8+ Ke7 35. Ra7+ Ke8 36. Ra8+ Kd7 37. Rh8 Rxe5 38. g4 d3 39. Rxh7 Ke7 40.
Rh8 d2 41. h7 d1=Q 42. Re8+ Kxe8 43. h8=Q+ Kd7 44. Qxe5 Qd6 45. Qxd6+ Kxd6 46.
Kg3 Ke5 47. Kf3 f5 48. gxf5 Kxf5 49. Ke3 e5 50. Kf3 g5 0-1

[Event "VI Festival B"]
[Site "Trieste ITA"]
[Date "2004.09.08"]
[Round "5"]
[White "Stampalia, Piergiorgio"]
[Black "Milinkovic, Zdravko"]
[Result "0-1"]
[WhiteElo "1562"]
[BlackElo "1700"]
[PlyCount "66"]
[EventDate "2004.09.04"]

1. e4 c5 2. Nf3 Nc6 3. d4 cxd4 4. Nxd4 e5 5. Nf3 d6 6. Bc4 Be7 7. Nc3 Nf6 8.
O-O O-O 9. h3 a6 10. a4 h6 11. Be3 Be6 12. Bd3 Rc8 13. Nh2 Nh7 14. f4 exf4 15.
Bxf4 Qb6+ 16. Kh1 Qxb2 17. Nd5 Bxd5 18. exd5 Ne5 19. Rb1 Qa3 20. Bxe5 dxe5 21.
Rb3 Qxa4 22. Ng4 e4 23. Nxh6+ Kh8 24. Nxf7+ Rxf7 25. Rxf7 exd3 26. Qxd3 Bd6 27.
Rfxb7 Qf4 28. g3 Qc1+ 29. Kg2 Rxc2+ 30. Kf3 Qh1+ 31. Kg4 Qc1 32. Qg6 Rc4+ 33.
Kf5 Qc2+ 0-1

[Event "VI Festival B"]
[Site "Trieste ITA"]
[Date "2004.09.09"]
[Round "6"]
[White "Chiesa, Roberto"]
[Black "Milinkovic, Zdravko"]
[Result "0-1"]
[WhiteElo "1682"]
[BlackElo "1700"]
[PlyCount "62"]
[EventDate "2004.09.04"]

1. d4 d5 2. c4 e6 3. Nc3 Nf6 4. Bg5 Be7 5. e3 O-O 6. Nf3 b6 7. cxd5 exd5 8. Bd3
Bb7 9. Rc1 Nbd7 10. O-O c5 11. Bf4 Rc8 12. Nb5 c4 13. Bb1 a6 14. Nd6 Bxd6 15.
Bxd6 Re8 16. Nd2 b5 17. a3 Rc6 18. Bg3 g6 19. h3 a5 20. b4 axb4 21. axb4 Qe7
22. Bc2 Qxb4 23. Rb1 Qa5 24. Ra1 Qb6 25. Qe2 Qxd4 26. Nf3 Qb6 27. Rfe1 b4 28.
Ba4 Rce6 29. Bh4 Bc6 30. Nd4 Qxd4 31. Bxc6 Qxh4 0-1

[Event "VI Festival B"]
[Site "Trieste ITA"]
[Date "2004.09.09"]
[Round "6"]
[White "Clarini, Ivo"]
[Black "Tomio, Dante"]
[Result "1/2-1/2"]
[WhiteElo "1733"]
[BlackElo "1882"]
[PlyCount "87"]
[EventDate "2004.09.04"]

1. Nf3 c5 2. d3 Nc6 3. Bf4 g6 4. g3 Bg7 5. c3 d6 6. Bg2 e6 7. e4 Nge7 8. O-O
O-O 9. Qc1 b5 10. e5 d5 11. d4 cxd4 12. cxd4 Qb6 13. Be3 Nf5 14. Rd1 b4 15. g4
Nxe3 16. Qxe3 Ba6 17. Nbd2 Rfc8 18. Nb3 Na5 19. Nxa5 Qxa5 20. Nd2 Qb6 21. Nb3
Bf8 22. Rac1 Bc4 23. f4 a5 24. Nd2 Ra7 25. b3 Ba6 26. Nf3 Rac7 27. Bf1 Bxf1 28.
Rxf1 Rc3 29. Rxc3 Rxc3 30. Qd2 Qc7 31. Rf2 Qd7 32. Ne1 Qb5 33. Rf3 Rxf3 34.
Nxf3 Qc6 35. Kf2 Be7 36. g5 Bd8 37. Ke2 Bb6 38. Kd3 Qb5+ 39. Ke3 a4 40. Qd3 Qc6
41. Kd2 Ba5 42. Qc2 Qa6 43. Qd3 Qc8 44. Qc2 1/2-1/2

[Event "VI Festival B"]
[Site "Trieste ITA"]
[Date "2004.09.09"]
[Round "6"]
[White "Miele, Roberto"]
[Black "Masella, Vincenzo"]
[Result "1/2-1/2"]
[WhiteElo "1877"]
[BlackElo "1682"]
[PlyCount "111"]
[EventDate "2004.09.04"]

1. e4 g6 2. d4 Bg7 3. f4 e6 4. Nf3 Ne7 5. Nc3 d6 6. Be3 a6 7. Be2 Nd7 8. O-O c6
9. Qd2 d5 10. Kh1 b6 11. Ne5 Nf6 12. Bf3 O-O 13. g4 Qc7 14. g5 Nd7 15. Ng4 f5
16. gxf6 Nxf6 17. Rg1 dxe4 18. Nxf6+ Bxf6 19. Nxe4 Nf5 20. Nxf6+ Rxf6 21. Bf2
Bb7 22. Rg4 Rd8 23. Bh4 Nxh4 24. Rxh4 c5 25. Qg2 Bxf3 26. Qxf3 Rxd4 27. Rg1 Qd8
28. Rh5 Rf5 29. Rxf5 exf5 30. Rg2 Rd1+ 31. Rg1 Qd5 32. Qxd5+ Rxd5 33. Re1 Kf7
34. Re2 Rd4 35. Rf2 Kf6 36. h4 c4 37. Kg2 b5 38. Kf3 b4 39. Ke3 Re4+ 40. Kf3
Ke6 41. Rd2 a5 42. Rd8 a4 43. Ra8 b3 44. axb3 cxb3 45. cxb3 axb3 46. Rb8 Rd4
47. Rxb3 Rd2 48. Rb7 h5 49. Rb6+ Kf7 50. b4 Rd3+ 51. Kg2 Rd4 52. Kg3 Rd3+ 53.
Kg2 Rd4 54. Kg3 Rd3+ 55. Kg2 Rd4 56. Kg3 1/2-1/2

[Event "VI Festival B"]
[Site "Trieste ITA"]
[Date "2004.09.09"]
[Round "6"]
[White "Orsatti, Marcello"]
[Black "Fantini, Marco"]
[Result "0-1"]
[WhiteElo "1644"]
[BlackElo "1852"]
[PlyCount "50"]
[EventDate "2004.09.04"]

1. Nf3 d5 2. b4 Nf6 3. Bb2 e6 4. a3 c5 5. bxc5 Bxc5 6. e3 O-O 7. c4 b6 8. d4
Be7 9. Bd3 Bb7 10. Nbd2 Nc6 11. O-O Na5 12. Ne5 Rc8 13. Bc3 Nxc4 14. Bxc4 dxc4
15. f3 Nd5 16. Qc1 Nxe3 17. Re1 Nd5 18. Qb2 Nxc3 19. Qxc3 Qd5 20. Nexc4 Rfd8
21. Re4 Bf6 22. Qd3 Bxd4+ 23. Rxd4 Qxd4+ 24. Qxd4 Rxd4 25. Ra2 Rcxc4 0-1

[Event "VI Festival B"]
[Site "Trieste ITA"]
[Date "2004.09.09"]
[Round "6"]
[White "Rizzardi, Franco"]
[Black "Samuelli, Daniele"]
[Result "1-0"]
[WhiteElo "1886"]
[BlackElo "1703"]
[PlyCount "81"]
[EventDate "2004.09.04"]

1. e4 c5 2. Nf3 Nc6 3. d4 cxd4 4. Nxd4 e6 5. c4 Nf6 6. Nc3 Bb4 7. Nxc6 bxc6 8.
Bd3 Qc7 9. O-O O-O 10. Be3 d5 11. cxd5 Bxc3 12. bxc3 cxd5 13. exd5 Nxd5 14. Bd2
Bb7 15. Qc2 h6 16. Rab1 Rab8 17. Qc1 f5 18. c4 Nf6 19. Re1 Ng4 20. Bf4 e5 21.
Be3 Qc6 22. Bf1 Nxe3 23. Qxe3 e4 24. Qxa7 Qc8 25. a4 Bc6 26. Rxb8 Qxb8 27. Qxb8
Rxb8 28. a5 Ra8 29. Ra1 Kf7 30. a6 Ke6 31. a7 Kd6 32. Ra5 f4 33. g3 g5 34. h4
e3 35. fxe3 fxe3 36. Ra6 Kc5 37. Rxc6+ Kd4 38. Ra6 Kc3 39. Bg2 e2 40. Kf2 Re8
41. Ke1 1-0

[Event "VI Festival B"]
[Site "Trieste ITA"]
[Date "2004.09.09"]
[Round "6"]
[White "Sluga, Aljaz"]
[Black "D'Ascanio, Davide"]
[Result "0-1"]
[WhiteElo "1853"]
[BlackElo "1625"]
[PlyCount "111"]
[EventDate "2004.09.04"]

1. d4 d5 2. c4 e6 3. Nc3 Nf6 4. cxd5 exd5 5. Bg5 Be7 6. e3 O-O 7. Bd3 Nbd7 8.
Nf3 Re8 9. O-O h6 10. Bh4 c6 11. a3 a5 12. Rb1 Nh7 13. Bg3 Ndf6 14. b4 axb4 15.
axb4 Bg4 16. h3 Bh5 17. b5 Bd6 18. bxc6 bxc6 19. Bxd6 Qxd6 20. g4 Bg6 21. Bxg6
fxg6 22. Qc2 g5 23. Ne5 Nd7 24. Nxd7 Qxd7 25. Rb6 Reb8 26. Rfb1 Rxb6 27. Rxb6
Nf6 28. Na4 Rc8 29. Nc5 Qe8 30. Rb7 Rb8 31. Rxb8 Qxb8 32. Qb3 Qxb3 33. Nxb3 Nd7
34. Kf1 Kf7 35. Nc5 Nxc5 36. dxc5 Ke6 37. Ke2 Ke5 38. Kd3 g6 39. f3 h5 40. Kc3
hxg4 41. hxg4 Kf6 42. Kb4 Ke5 43. Ka5 d4 44. exd4+ Kxd4 45. Kb6 Kd5 46. Kc7
Kxc5 47. Kd7 Kd5 48. Ke7 c5 49. Kf6 c4 50. Kxg5 c3 51. Kxg6 c2 52. f4 c1=Q 53.
f5 Qc2 54. Kh6 Ke5 55. Kg7 Qg2 56. f6 0-1

[Event "VI Festival B"]
[Site "Trieste ITA"]
[Date "2004.09.10"]
[Round "7"]
[White "Chiesa, Roberto"]
[Black "Stampalia, Piergiorgio"]
[Result "1/2-1/2"]
[WhiteElo "1682"]
[BlackElo "1562"]
[PlyCount "55"]
[EventDate "2004.09.04"]

1. d4 Nf6 2. c4 e6 3. Nf3 Bb4+ 4. Bd2 Qe7 5. Nc3 b6 6. g3 Bb7 7. Bg2 c5 8. e3
cxd4 9. exd4 Nc6 10. a3 Bxc3 11. Bxc3 O-O 12. O-O d5 13. b4 dxc4 14. b5 Nb8 15.
Bb4 Qd8 16. Bxf8 Qxf8 17. Qc2 Bd5 18. Ne5 Nbd7 19. f4 Bxg2 20. Kxg2 Nxe5 21.
fxe5 Nd5 22. Rf3 Rc8 23. Raf1 Rc7 24. g4 c3 25. Ra1 Qe7 26. Kg3 Qg5 27. Re1 Qe7
28. Ra1 1/2-1/2

[Event "VI Festival B"]
[Site "Trieste ITA"]
[Date "2004.09.10"]
[Round "7"]
[White "D'Ascanio, Davide"]
[Black "Clarini, Ivo"]
[Result "0-1"]
[WhiteElo "1625"]
[BlackElo "1733"]
[PlyCount "78"]
[EventDate "2004.09.04"]

1. e4 c6 2. d4 d5 3. exd5 cxd5 4. Nf3 Nc6 5. Nc3 Nf6 6. Bd3 g6 7. O-O Bg7 8.
Re1 Bg4 9. Be2 Ne4 10. Be3 Nxc3 11. bxc3 O-O 12. h3 Bd7 13. Rb1 Na5 14. Nd2 Rc8
15. Nb3 Nc4 16. Bxc4 Rxc4 17. Bd2 b6 18. Nc1 Bc8 19. Rb4 Ba6 20. Nd3 Rxb4 21.
Nxb4 Bb5 22. Qf3 e6 23. Nd3 Qd6 24. Rb1 Bc4 25. Nb4 f6 26. Re1 e5 27. dxe5 fxe5
28. Qg3 Rf5 29. f3 Qf6 30. Nd3 h6 31. h4 Kh7 32. Kh2 Rh5 33. Qg4 Rxh4+ 34. Qxh4
Qxh4+ 35. Kg1 e4 36. fxe4 dxe4 37. Nf2 Be5 38. Nxe4 Bh2+ 39. Kh1 Bg3+ 0-1

[Event "VI Festival B"]
[Site "Trieste ITA"]
[Date "2004.09.10"]
[Round "7"]
[White "Fantini, Marco"]
[Black "Rizzardi, Franco"]
[Result "1-0"]
[WhiteElo "1852"]
[BlackElo "1886"]
[PlyCount "117"]
[EventDate "2004.09.04"]

1. d4 d5 2. Nc3 Nf6 3. Bg5 Bf5 4. f3 h6 5. Bh4 Bh7 6. Qd2 Nbd7 7. O-O-O c6 8.
e3 Qa5 9. Bd3 Bxd3 10. Qxd3 e6 11. Be1 Nb6 12. Kb1 Nc4 13. Nge2 Ba3 14. Nxd5
Qxd5 15. Nc3 Qg5 16. Qxc4 Qxg2 17. Bg3 Be7 18. Rdf1 O-O 19. e4 Rfd8 20. Rhg1
Qd2 21. Rd1 Qe3 22. Be5 Ne8 23. Rdf1 Bf8 24. Rg2 Rac8 25. Nd1 b5 26. Nxe3 bxc4
27. c3 f6 28. Bg3 c5 29. d5 exd5 30. Nxd5 Kf7 31. Kc2 Rd7 32. Rd1 g5 33. Rgd2
Rcd8 34. h3 Ke6 35. Ne3 Rxd2+ 36. Rxd2 Rxd2+ 37. Kxd2 Nd6 38. Bxd6 Bxd6 39.
Nxc4 Bc7 40. Ne3 h5 41. Nd5 Bd8 42. Kd3 f5 43. Ne3 fxe4+ 44. Kxe4 Bc7 45. Nf5
h4 46. Ng7+ Kf7 47. Nf5 Ke6 48. Ne3 Bd6 49. a3 Bc7 50. b4 cxb4 51. axb4 a5 52.
bxa5 Bxa5 53. c4 Bd2 54. c5 Be1 55. Nf5 Ba5 56. Nd4+ Kd7 57. Kf5 Bd2 58. Ne6
Kc6 59. Nxg5 1-0

[Event "VI Festival B"]
[Site "Trieste ITA"]
[Date "2004.09.10"]
[Round "7"]
[White "Masella, Vincenzo"]
[Black "Orsatti, Marcello"]
[Result "0-1"]
[WhiteElo "1682"]
[BlackElo "1644"]
[PlyCount "120"]
[EventDate "2004.09.04"]

1. c4 c5 2. Nf3 Nc6 3. g3 g6 4. Bg2 Bg7 5. O-O d6 6. d3 Bg4 7. Nc3 Qd7 8. Qb3
Rb8 9. Re1 Nf6 10. Bg5 h6 11. Bf4 Bxf3 12. exf3 Nd4 13. Qd1 O-O 14. Rb1 a6 15.
a4 b5 16. b3 Nh5 17. Bd2 Rfe8 18. Nd5 e6 19. Ne3 f5 20. Nc2 Kh7 21. Nxd4 Bxd4
22. Qc1 bxa4 23. bxa4 Qxa4 24. Rxb8 Rxb8 25. Bc3 Qa2 26. Bxd4 cxd4 27. Qa1 Qxa1
28. Rxa1 Rb6 29. h3 Kg7 30. Ra5 f4 31. Kh2 g5 32. h4 Kf6 33. c5 dxc5 34. Rxc5
Rb5 35. Rc6 Ra5 36. Kh3 fxg3 37. fxg3 gxh4 38. Kxh4 Ng7 39. Kg4 Nf5 40. Kf4 Ne7
41. Rd6 Rf5+ 42. Kg4 Nd5 43. f4 a5 44. Be4 Ke7 45. Ra6 Nf6+ 46. Kf3 Nxe4 47.
dxe4 Rc5 48. Ra7+ Kd6 49. e5+ Kd5 50. Rd7+ Kc4 51. Rd6 d3 52. Rxe6 Rd5 53. Rc6+
Kb3 54. Rxh6 d2 55. Rh1 d1=Q+ 56. Rxd1 Rxd1 57. e6 Re1 58. f5 a4 59. Kf4 a3 60.
Kg5 a2 0-1

[Event "VI Festival B"]
[Site "Trieste ITA"]
[Date "2004.09.10"]
[Round "7"]
[White "Menon, Michele"]
[Black "Sluga, Aljaz"]
[Result "1-0"]
[WhiteElo "1609"]
[BlackElo "1853"]
[PlyCount "89"]
[EventDate "2004.09.04"]

1. c4 Nf6 2. Nc3 c5 3. Nf3 g6 4. g3 Bg7 5. Bg2 O-O 6. O-O Nc6 7. d4 d6 8. d5
Nb4 9. a3 Na6 10. e4 Bd7 11. e5 Ng4 12. exd6 exd6 13. h3 Ne5 14. Nxe5 Bxe5 15.
Be3 Re8 16. Qd2 Qc8 17. Kh2 Qc7 18. Bf4 Qa5 19. Bxe5 Rxe5 20. Rfe1 Rae8 21.
Rxe5 Rxe5 22. Re1 Rxe1 23. Qxe1 b5 24. Qe7 b4 25. Ne4 Bf5 26. Nf6+ Kg7 27. Ne8+
Kg8 28. Nxd6 Qc7 29. Nxf5 gxf5 30. d6 Qxe7 31. dxe7 Nc7 32. Bc6 Kg7 33. e8=Q
Nxe8 34. Bxe8 Kf6 35. axb4 cxb4 36. b3 a5 37. Ba4 Ke5 38. Kg2 f4 39. Kf3 fxg3
40. fxg3 h5 41. g4 hxg4+ 42. hxg4 f6 43. Ke3 f5 44. gxf5 Kxf5 45. Kd4 1-0

[Event "VI Festival B"]
[Site "Trieste ITA"]
[Date "2004.09.10"]
[Round "7"]
[White "Milinkovic, Zdravko"]
[Black "Tomio, Dante"]
[Result "1-0"]
[WhiteElo "1700"]
[BlackElo "1882"]
[PlyCount "71"]
[EventDate "2004.09.04"]

1. d4 d5 2. c4 c6 3. Nc3 Nf6 4. cxd5 cxd5 5. Bg5 e6 6. Nf3 Be7 7. e3 O-O 8. Bd3
Nc6 9. a3 h6 10. Bh4 a6 11. O-O b5 12. Rc1 Na5 13. Bb1 Bb7 14. Ne5 Ne4 15. Bxe7
Qxe7 16. f3 Nxc3 17. Rxc3 Nc4 18. Qc2 g6 19. f4 Nxe5 20. fxe5 Rac8 21. Rf6 Rxc3
22. bxc3 Rc8 23. h4 Bc6 24. h5 Be8 25. hxg6 fxg6 26. Qf2 Kg7 27. Qg3 g5 28. Qh3
h5 29. Qg3 g4 30. Qf4 Kg8 31. Qh6 Qg7 32. Bh7+ Kh8 33. Rf8+ Qxf8 34. Qxf8+ Kxh7
35. Qe7+ Kh8 36. Qxe6 1-0

[Event "VI Festival B"]
[Site "Trieste ITA"]
[Date "2004.09.10"]
[Round "7"]
[White "Samuelli, Daniele"]
[Black "Miele, Roberto"]
[Result "1-0"]
[WhiteElo "1703"]
[BlackElo "1877"]
[PlyCount "44"]
[EventDate "2004.09.04"]

1. e4 Nc6 2. Nc3 e5 3. f4 exf4 4. Nf3 Be7 5. h4 d6 6. d4 Bg4 7. Bxf4 Bxf3 8.
gxf3 Bxh4+ 9. Ke2 Bg5 10. Bg3 Bf6 11. Bg2 Nge7 12. Qd2 Ng6 13. Nd5 Bh4 14. Bxh4
Nxh4 15. Nxc7+ Qxc7 16. Rxh4 O-O-O 17. Re1 Qb6 18. c3 Qa6+ 19. Kf2 Qb6 20. Reh1
h6 21. b4 g5 22. Bh3+ 22... Kb8 $139 1-0

[Event "VI Festival B"]
[Site "Trieste ITA"]
[Date "2004.09.11"]
[Round "8"]
[White "Clarini, Ivo"]
[Black "Milinkovic, Zdravko"]
[Result "1/2-1/2"]
[WhiteElo "1733"]
[BlackElo "1700"]
[PlyCount "92"]
[EventDate "2004.09.04"]

1. d4 d5 2. c4 e6 3. Nc3 Nf6 4. Nf3 Be7 5. h3 b6 6. cxd5 exd5 7. Bf4 c6 8. e3
O-O 9. Bd3 Nbd7 10. O-O Bb7 11. Rc1 Rc8 12. Nh4 g6 13. Bh6 Re8 14. Qf3 Ne4 15.
Nxg6 fxg6 16. Nxe4 dxe4 17. Bxe4 Bf8 18. Bf4 Qf6 19. Bd3 Bd6 20. Bxd6 Qxd6 21.
Bc4+ Kh8 22. e4 Rf8 23. Qc3 Qf6 24. e5 Qg5 25. Rce1 Rce8 26. e6 Nf6 27. Re5 Qf4
28. e7 Rg8 29. Bxg8 Kxg8 30. Qe3 Qxe3 31. fxe3 Nd5 32. e4 Nb4 33. Rf3 Nxa2 34.
d5 cxd5 35. exd5 Nb4 36. d6 Bc8 37. Rc3 Bd7 38. Rc7 Nc6 39. Re3 Nb8 40. Rxa7 b5
41. Rb7 Kf7 42. Rc7 h5 43. Kf2 Bc6 44. Rc3 Bd7 45. Re3 Bc6 46. Rc3 Bd7 1/2-1/2

[Event "VI Festival B"]
[Site "Trieste ITA"]
[Date "2004.09.11"]
[Round "8"]
[White "Miele, Roberto"]
[Black "Petrachi, Gianni"]
[Result "1-0"]
[WhiteElo "1877"]
[BlackElo "1709"]
[PlyCount "49"]
[EventDate "2004.09.04"]

1. e4 e5 2. Nf3 Nc6 3. Bc4 Nf6 4. Nc3 Bc5 5. d3 d6 6. h3 a6 7. a3 O-O 8. Bg5 h6
9. Bh4 Be6 10. Bd5 Rb8 11. Ne2 Bxd5 12. exd5 Na7 13. Ng3 g5 14. Nxg5 hxg5 15.
Bxg5 c6 16. O-O cxd5 17. Nh5 Qc8 18. Nxf6+ Kg7 19. Qf3 Rh8 20. Nxd5 Rh7 21.
Qf6+ Kf8 22. Qe7+ Kg8 23. Nf6+ Kh8 24. Nxh7 Qg8 25. Qf6+ 1-0

[Event "VI Festival B"]
[Site "Trieste ITA"]
[Date "2004.09.11"]
[Round "8"]
[White "Orsatti, Marcello"]
[Black "D'Ascanio, Davide"]
[Result "1-0"]
[WhiteElo "1644"]
[BlackElo "1625"]
[PlyCount "99"]
[EventDate "2004.09.04"]

1. c4 e5 2. Nc3 Nf6 3. g3 Bc5 4. Bg2 O-O 5. d3 h6 6. Nf3 d6 7. O-O Bg4 8. h3
Bh5 9. a3 a5 10. Bd2 c6 11. Ne1 d5 12. cxd5 cxd5 13. g4 Bg6 14. Qb3 Qd7 15.
Nxd5 Nxd5 16. Qxd5 Qxd5 17. Bxd5 Nc6 18. Rc1 Bd4 19. Bc3 Bxc3 20. bxc3 Rfd8 21.
e4 Kf8 22. f4 exf4 23. Rxf4 f6 24. Nf3 Rd7 25. Bxc6 bxc6 26. Ne5 Be8 27. Nxd7+
Bxd7 28. Rcf1 Ke7 29. d4 Ke6 30. c4 Rb8 31. c5 Rb3 32. R4f3 Rxf3 33. Rxf3 Bc8
34. Kf2 g5 35. Kg3 Ba6 36. Rf5 Bc4 37. h4 Bd3 38. d5+ cxd5 39. exd5+ Ke7 40.
d6+ Ke6 41. d7 Kxd7 42. Rd5+ Kc6 43. Rxd3 Kxc5 44. h5 Kc4 45. Rf3 a4 46. Rxf6
Kb3 47. Rxh6 Kxa3 48. Ra6 Kb3 49. h6 a3 50. h7 1-0

[Event "VI Festival B"]
[Site "Trieste ITA"]
[Date "2004.09.11"]
[Round "8"]
[White "Patino Zuliani, Nicolas"]
[Black "Muradore, Aldo"]
[Result "1-0"]
[WhiteElo "1446"]
[BlackElo "1526"]
[PlyCount "125"]
[EventDate "2004.09.04"]

1. d4 d5 2. c4 e6 3. Nc3 Nf6 4. cxd5 exd5 5. e3 c6 6. Bd3 g6 7. Nf3 Bg4 8. h3
Bxf3 9. Qxf3 Bg7 10. O-O O-O 11. Re1 Re8 12. Ne2 Nbd7 13. Nf4 Ne4 14. Qe2 Ndf6
15. h4 h5 16. f3 Nd6 17. Bd2 Bh6 18. Nh3 Bg7 19. Ng5 Nh7 20. Nxh7 Kxh7 21. Qf2
Bf6 22. g3 Qb6 23. Rab1 Re6 24. Bc3 Rae8 25. Qd2 a6 26. Re2 Nc4 27. Bxc4 dxc4
28. Kg2 Qc7 29. e4 Rd8 30. f4 b5 31. e5 Be7 32. Ba5 Qb7 33. Bxd8 Bxd8 34. Rd1
Re8 35. Kh2 Bb6 36. d5 cxd5 37. Qxd5 Qa7 38. Qe4 Rc8 39. e6 fxe6 40. Qxe6 Rc7
41. Rd8 Bd4 42. Qg8+ Kh6 43. Kh3 c3 44. bxc3 Bxc3 45. Qf8+ Bg7 46. Qe8 Qc5 47.
Re6 Qf5+ 48. Kg2 Rc2+ 49. Re2 Qc5 50. f5 Qxf5 51. Qe3+ Kh7 52. Rf2 Rxf2+ 53.
Qxf2 Qe4+ 54. Kh2 Qe7 55. Qd2 b4 56. Rd7 Qe6 57. Rd6 Qg4 58. Rxa6 Bc3 59. Ra7+
Bg7 60. Rb7 Qc8 61. Rxb4 Qe8 62. Rb7 Kh8 63. Rd7 1-0

[Event "VI Festival B"]
[Site "Trieste ITA"]
[Date "2004.09.11"]
[Round "8"]
[White "Samuelli, Daniele"]
[Black "Fantini, Marco"]
[Result "0-1"]
[WhiteElo "1703"]
[BlackElo "1852"]
[PlyCount "78"]
[EventDate "2004.09.04"]

1. e4 e6 2. d4 d5 3. Nc3 Nf6 4. Bg5 Be7 5. e5 Nfd7 6. Bxe7 Qxe7 7. Bd3 a6 8.
Nce2 c5 9. c3 cxd4 10. cxd4 Nc6 11. Rc1 Nxd4 12. Nxd4 Qb4+ 13. Qd2 Qxd4 14. Nf3
Qb6 15. O-O f6 16. exf6 Nxf6 17. Qf4 O-O 18. Ne5 Qd8 19. Qh4 Bd7 20. Rc3 Bb5
21. Qh3 Qd6 22. Bxb5 axb5 23. Re3 Rxa2 24. b3 Rfa8 25. Nd3 Ne4 26. f3 Ng5 27.
Qg4 h6 28. Ree1 Re8 29. h4 Nh7 30. Nf4 Nf6 31. Rxe6 Qc5+ 32. Kh1 Nxg4 33. Rxe8+
Kf7 34. Rfe1 Nf2+ 35. Kh2 Qd6 36. R1e5 Qf6 37. Kg3 Nh1+ 38. Kg4 h5+ 39. Nxh5
Rxg2+ 0-1

[Event "VI Festival B"]
[Site "Trieste ITA"]
[Date "2004.09.11"]
[Round "8"]
[White "Stampalia, Piergiorgio"]
[Black "Menon, Michele"]
[Result "1/2-1/2"]
[WhiteElo "1562"]
[BlackElo "1609"]
[PlyCount "59"]
[EventDate "2004.09.04"]

1. e4 d6 2. Nf3 Nf6 3. Nc3 c6 4. d4 Bg4 5. Be2 e6 6. Bg5 Be7 7. O-O O-O 8. Qd2
d5 9. Bxf6 Bxf6 10. e5 Be7 11. Nd1 c5 12. c3 Nc6 13. dxc5 Bxf3 14. Bxf3 Nxe5
15. Qe2 Nxf3+ 16. Qxf3 Bxc5 17. Ne3 Rc8 18. Ng4 Qg5 19. Rfe1 Bd6 20. g3 h5 21.
Ne3 h4 22. Rad1 hxg3 23. hxg3 Be7 24. Kg2 Qf6 25. Qh5 g6 26. Qe2 Qe5 27. Qg4
Qg7 28. Nxd5 Bc5 29. Ne3 Rcd8 30. Nc4 1/2-1/2